The Doors - Discography - Statistics

General Stats
  • This quiz has been taken 619 times
  • The average score is 34 of 84
Answer Stats
Answer % Correct
The Doors (1967) Light My Fire
92%
The Doors (1967) The End
90%
L.A. Woman (1971) L.A. Woman
89%
The Doors (1967) Break On Through (To the Other Side)
86%
L.A. Woman (1971) Riders on the Storm
85%
Strange Days (1967) People Are Strange
83%
Strange Days (1967) Strange Days
79%
Morrison Hotel (1970) Waiting for the Sun
73%
The Doors (1967) The Crystal Ship
72%
The Soft Parade (1969) The Soft Parade
72%
The Doors (1967) Alabama Song (Whisky Bar)
71%
Morrison Hotel (1970) Roadhouse Blues
71%
The Soft Parade (1969) Touch Me
71%
Waiting for the Sun (1968) Hello, I Love You
65%
The Doors (1967) Soul Kitchen
65%
Strange Days (1967) When the Music's Over
61%
L.A. Woman (1971) Love Her Madly
60%
The Doors (1967) Twentieth Century Fox
60%
The Doors (1967) Back Door Man
59%
Morrison Hotel (1970) Peace Frog
58%
Strange Days (1967) Love Me Two Times
55%
The Doors (1967) End of the Night
51%
L.A. Woman (1971) The WASP (Texas Radio and the Big Beat)
50%
Waiting for the Sun (1968) Five to One
49%
Waiting for the Sun (1968) Love Street
49%
L.A. Woman (1971) The Changeling
49%
Waiting for the Sun (1968) The Unknown Soldier
49%
Waiting for the Sun (1968) Spanish Caravan
47%
L.A. Woman (1971) Hyacinth House
46%
Morrison Hotel (1970) Indian summer
45%
The Doors (1967) Take It as It Comes
45%
The Soft Parade (1969) Tell All the People
44%
Strange Days (1967) Moonlight Drive
43%
The Doors (1967) I Looked at You
42%
L.A. Woman (1971) L'America
42%
Strange Days (1967) You're Lost Little Girl
42%
Morrison Hotel (1970) Blue Sunday
40%
The Soft Parade (1969) Shaman's Blues
40%
Strange Days (1967) Horse Latitudes
38%
Morrison Hotel (1970) Maggie M'Gill
38%
Morrison Hotel (1970) The Spy
38%
An American Prayer (1978) An American Prayer
37%
L.A. Woman (1971) Cars Hiss by My Window
37%
Morrison Hotel (1970) Land Ho!
37%
Waiting for the Sun (1968) Wintertime Love
37%
L.A. Woman (1971) Crawling King Snake
36%
Waiting for the Sun (1968) Not to Touch the Earth
36%
Strange Days (1967) My Eyes Have Seen You
35%
The Soft Parade (1969) Wild Child
35%
L.A. Woman (1971) Been Down So Long
34%
Morrison Hotel (1970) Queen of the Highway
34%
The Soft Parade (1969) Runnin' Blue
34%
Strange Days (1967) Unhappy Girl
34%
Waiting for the Sun (1968) Yes, the River Knows
32%
Waiting for the Sun (1968) Summer's Almost Gone
31%
Morrison Hotel (1970) Ship of Fools
30%
The Soft Parade (1969) Wishful Sinful
30%
Strange Days (1967) I Can't See Your Face in My Mind
29%
Waiting for the Sun (1968) My Wild Love
29%
The Soft Parade (1969) Do It
28%
The Soft Parade (1969) Easy Ride
28%
Waiting for the Sun (1968) We Could Be So Good Together
27%
Morrison Hotel (1970) You Make Me Real
27%
Full Circle (1972) The Mosquito
22%
An American Prayer (1978) Awake
15%
Other Voices (1971) In the Eye of the Sun
15%
Full Circle (1972) Get Up and Dance
13%
Other Voices (1971) I'm Horny, I'm Stoned
13%
Full Circle (1972) 4 Billion Souls
12%
Full Circle (1972) The Piano Bird
12%
Other Voices (1971) Tightrope Ride
12%
An American Prayer (1978) To Come of Age
12%
Other Voices (1971) Variety Is the Spice of Life
12%
Full Circle (1972) Verdilac
12%
Other Voices (1971) Down on the Farm
11%
Full Circle (1972) Good Rockin'
11%
Other Voices (1971) Hang On to Your Life
11%
Full Circle (1972) Hardwood Floor
11%
Other Voices (1971) Ships w/ Sails
11%
An American Prayer (1978) The World On Fire
11%
Full Circle (1972) The Peking King and the New York Queen
10%
An American Prayer (1978) The Poets Dreams
10%
Other Voices (1971) Wandering Musician
10%
Full Circle (1972) It Slipped My Mind
9%
No matching quizzes found
Score Distribution
Percent of People with Each Score
Percentile by Number Answered
Your Score History
You have not taken this quiz